| 000 | 00955nas a2200325 4500 | ||
|---|---|---|---|
| 001 | BR9605213 | ||
| 003 | BR-BrBNA | ||
| 005 | 20231205095348.0 | ||
| 007 | ta | ||
| 008 | 230509b bl.|||p| |||| 00| 00por d | ||
| 040 |
_aBR-BrBNA _bpor _cBiblioteca Nacional de Agricultura |
||
| 041 | _a(Pt) | ||
| 072 | _aL51 | ||
| 100 | 1 | _aRabello, T.G. | |
| 100 | 1 | _aValadares Filho, S. de C. | |
| 100 | 1 | _aSilva, J.F.C. da | |
| 100 | 1 | _aLeao, M.I. | |
| 100 | 1 | _aCecon, P.R. | |
| 100 | 1 | _aCastro, A.C.G. | |
| 245 | 1 | _aGrao de soja moido na alimentacao de vacas em lactacao. 3. Eficiencia microbiana, amonia e pH | |
| 650 | _aVaca | ||
| 650 | _aLactacao | ||
| 650 | _aRacao | ||
| 650 | _aSoja | ||
| 650 | _aRumen | ||
| 650 | _aDigestibilidade | ||
| 773 | 0 |
_tRevista da Sociedade Brasileira de Zootecnia (Brazil) _xISSN 0100-4859 _g(Mar-Apr 1996), v. 25(2) p. 270-281 _wBR9605213 |
|
| 909 |
_a202311 _bLúcia _c55 _dLúcia Elande |
||
| 942 |
_2AGRIS _n0 _cANA |
||
| 999 |
_c150237 _d150237 |
||